Ο άρχοντας των δαχτυλιδιών

Αποθηκεύτηκε σε:
Λεπτομέρειες βιβλιογραφικής εγγραφής
Κύριος συγγραφέας: Tolkien, J. R. R. (John Ronald Reuel), 1892-1973
Άλλοι συγγραφείς: Χατζηθανάση-Κόλλια, Ευγενία (trlf)
Μορφή: Βιβλίο
Γλώσσα:Greek
English
Δημοσίευση: Αθήνα : Κέδρος, 1997-2002,
Σειρά:Σύγχρονη ξένη λογοτεχνία (Κέδρος)
Θέματα:
Ετικέτες: Προσθήκη ετικέτας
Δεν υπάρχουν, Καταχωρήστε ετικέτα πρώτοι!

MARC

LEADER 00000cam a2200000 i 4500
001 1/70710
008 980521s19972002gr | ||| |||| ||gre||
020 |a 9600403651   |q (τ.1) 
020 |a 960040366X   |q (τ.2) 
020 |a 9600403678   |q (τ.3) 
020 |a 9600404380 
035 |l 10030732 
040 |a GR-MyUA  |b gre  |e AACR2 
041 1 |a gre  |h eng 
082 7 |a 823.912   |2 (22) 
100 1 |a Tolkien, J. R. R.   |q (John Ronald Reuel),   |d 1892-1973. 
245 1 2 |a Ο άρχοντας των δαχτυλιδιών /   |c Τζ.Ρ.Ρ. Τόλκιν ; μετάφραση: Ευγενία Χατζηθανάση-Κόλλια.  
260 |a Αθήνα :   |b Κέδρος,   |c 1997-2002,  
300 |a 3 τ. ;   |c 21 εκ.  
490 1 |a (Σύγχρονη ξένη λογοτεχνία / Κέδρος)  
505 0 |a Τ.1. Η συντροφιά του δαχτυλιδιού -- τ.2. Οι δύο πύργοι -- τ.3. Η επιστροφή του βασιλιά.  
650 0 0 |a Baggins, Frodo (Fictitious character)  |x Fiction. 
650 0 0 |a Middle Earth (Imaginary place)  |x Fiction. 
650 0 0 |a Fantasy fiction, English. 
700 1 |a Χατζηθανάση-Κόλλια, Ευγενία,  |e trlf 
740 0 2 |a Η συντροφιά του δαχτυλιδιού 
740 0 2 |a Οι δύο πύργοι 
740 0 2 |a Η επιστροφή του βασιλιά 
765 0 8 |i Μετάφραση του:   |t The lord of the rings /  
830 0 |a Σύγχρονη ξένη λογοτεχνία (Κέδρος) 
852 |a INST  |b RHODES  |e 19980521  |h 823.912 TOL  |p 005400006363  |q 005400006363  |t BK  |y 0  |z τ.3 
852 |a INST  |b RHODES  |e 19980521  |h 823.912 TOL  |p 005400006364  |q 005400006364  |t BK  |y 0  |z τ.1 
852 |a INST  |b RHODES  |e 19980521  |h 823.912 TOL  |p 005400006365  |q 005400006365  |t BK  |y 0  |z τ.2 
852 |a INST  |b RHODES  |e 20011211  |h 823.912 TOL  |p 005400016832  |q 005400016832  |t BK  |y 0  |z τ.3 
852 |a INST  |b RHODES  |e 20011211  |h 823.912 TOL  |p 005400016833  |q 005400016833  |t BK  |y 0  |z τ.2 
852 |a INST  |b RHODES  |e 20011211  |h 823.912 TOL  |p 005400016834  |q 005400016834  |t BK  |y 0  |z τ.1 
852 |a INST  |b RHODES  |e 19980521  |h 823.912 TOL  |p 005400006363  |q 005400006363  |t BK  |v τ.3:  |y 0  |z τ.3 
852 |a INST  |b RHODES  |e 19980521  |h 823.912 TOL  |p 005400006364  |q 005400006364  |t BK  |v τ.1:  |y 0  |z τ.1 
852 |a INST  |b RHODES  |e 19980521  |h 823.912 TOL  |p 005400006365  |q 005400006365  |t BK  |v τ.2:  |y 0  |z τ.2 
852 |a INST  |b RHODES  |e 20011211  |h 823.912 TOL  |p 005400016832  |q 005400016832  |t BK  |v τ.3:  |y 0  |z τ.3 
852 |a INST  |b RHODES  |e 20011211  |h 823.912 TOL  |p 005400016833  |q 005400016833  |t BK  |v τ.2:  |y 0  |z τ.2 
852 |a INST  |b RHODES  |e 20011211  |h 823.912 TOL  |p 005400016834  |q 005400016834  |t BK  |v τ.1:  |y 0  |z τ.1 
852 |a INST  |b SAMOS  |e 20040826  |h 823.912 TOL  |p 005300023164  |q 005300023164  |t BK  |y 0  |z τ.2 
852 |a INST  |b SAMOS  |e 20040825  |h 823.912 TOL  |p 005300023203  |q 005300044271  |t BK  |y 0  |z τ.1 
852 |a INST  |b SAMOS  |e 20040825  |h 823.912 TOL  |p 005300031115  |q 005300031115  |t BK  |y 0  |z τ.3 
852 |a INST  |b SAMOS  |e 20040826  |h 823.912 TOL  |p 005300023164  |q 005300023164  |t BK  |v τ.2:  |y 0  |z τ.2 
852 |a INST  |b SAMOS  |e 20040825  |h 823.912 TOL  |p 005300023203  |q 005300044271  |t BK  |v τ.1:  |y 0  |z τ.1 
852 |a INST  |b SAMOS  |e 20040825  |h 823.912 TOL  |p 005300031115  |q 005300031115  |t BK  |v τ.3:  |y 0  |z τ.3 
853 |a INST  |b RHODES  |h 823.912 TOL 
853 |a INST  |b SAMOS  |h 823.912 TOL 
901 |a BIBL3-2004-2 
901 |a BIBL-1998-2 
909 |a Σ  |b 107490 
909 |a Σ  |b 107451 
909 |a Σ  |b 107458 
909 |a Ρ  |b 055255 
909 |a Ρ  |b 055256 
909 |a Ρ  |b 055257 
909 |a Ρ  |b 085136 
909 |a Ρ  |b 085137 
909 |a Ρ  |b 085138 
922 |a 3ΕΛΗ  |b 200406  |c ΕΠΕΑΕΚ/ΤΜΠΕΣ  |d LEADER 
922 |a 4ΕΛΗ  |b 199802  |c ΚΠΣ/Ν  |d EMVASIS 
970 |z 21/05/1998